जब ज्योति जगी: (Record no. 26745)

MARC details
000 -LEADER
fixed length control field 03429nam a22004577a 4500
005 - DATE AND TIME OF LATEST TRANSACTION
control field 20090523161558.0
008 - FIXED-LENGTH DATA ELEMENTS--GENERAL INFORMATION
fixed length control field 090523t xxu||||| |||| 00| 0 hin d
010 ## - LCCN (DPL NO)
LC control number HIN-86587
020 ## - INTERNATIONAL STANDARD BOOK NUMBER
International Standard Book Number 9788126716548
Terms of availability 325.00
035 ## - SYSTEM CONTROL NUMBER
System control number HN-58933
035 ## - SYSTEM CONTROL NUMBER
System control number B-350002-008
037 ## - SOURCE OF ACQUISITION
Source of stock number/acquisition DBAD / PUB
037 ## - SOURCE OF ACQUISITION
Source of stock number/acquisition राजकमल प्रकाशन
040 ## - CATALOGING SOURCE
Original cataloging agency dpl
Language of cataloging hn
082 ## - DEWEY DECIMAL CLASSIFICATION NUMBER
Classification number 954.0841
100 ## - MAIN ENTRY--PERSONAL NAME
Personal name सुखदेवराज
245 ## - TITLE STATEMENT
Title जब ज्योति जगी:
Statement of responsibility, etc सुखदेवराज; सुधीर विद्यार्थी द्वारा संपादित
Remainder of title (एक क्रान्तिकारी के संस्मरण) /
246 ## - VARYING FORM OF TITLE
Title proper/short title Jaba jyoti jagii: eka kraantikaarii ke sansmaran
Remainder of title edited by
260 ## - PUBLICATION, DISTRIBUTION, ETC. (IMPRINT)
Place of publication, distribution, etc नई दिल्ली
Name of publisher, distributor, etc राजकमल प्रकाशन
Date of publication, distribution, etc 2009
270 ## - ADDRESS
Address 1-बी, नेताजी सुभाष मार्ग
City नई दिल्ली
Postal code 110002
Electronic mail address info@rajkamalprakashan.com
300 ## - PHYSICAL DESCRIPTION
Extent 248पृ
Dimensions 22सेमी (सजिल्द)
600 ## - SUBJECT ADDED ENTRY--PERSONAL NAME
Personal name सुखदेवराज
600 ## - SUBJECT ADDED ENTRY--PERSONAL NAME
Personal name Sukhdevraj
650 ## - SUBJECT ADDED ENTRY--TOPICAL TERM
Topical term or geographic name as entry element स्मृति
650 ## - SUBJECT ADDED ENTRY--TOPICAL TERM
Topical term or geographic name as entry element Memory
650 ## - SUBJECT ADDED ENTRY--TOPICAL TERM
Topical term or geographic name as entry element राष्ट्रवाद
Geographic subdivision भारत
650 ## - SUBJECT ADDED ENTRY--TOPICAL TERM
Topical term or geographic name as entry element Nationalism
Geographic subdivision India
651 ## - SUBJECT ADDED ENTRY--GEOGRAPHIC NAME
Geographic name भारत
General subdivision इतिहास
651 ## - SUBJECT ADDED ENTRY--GEOGRAPHIC NAME
Geographic name India
General subdivision History
700 ## - ADDED ENTRY--PERSONAL NAME
Personal name विद्यार्थी, सुधीर
942 ## - ADDED ENTRY ELEMENTS (KOHA)
Source of classification or shelving scheme Dewey Decimal Classification
Item type Hindi Books
Call number suffix सुखदे
Classification part 954.0841
Holdings
Withdrawn status Lost status Source of classification or shelving scheme Damaged status Not for loan Home library Current library Date acquired Source of acquisition Cost, normal purchase price Total Checkouts Full call number Barcode Date last seen Copy number Cost, replacement price Koha item type Collection code Public note
    Dewey Decimal Classification     Central Library Central Library 25/02/2010 1313/14.07.09/76/11.07.09/29.07.09 325.00   954.0841 सुखदे B-350002 25/02/2010 1 325.00 Hindi Books Non-fiction Legal Case (Register No. 29)
    Dewey Decimal Classification   Not For Loan D.B.Act.Division D.B.Act.Division 23/05/2009 DBAD / PUB 325.00   954.0841 सुखदे HN-58933 23/05/2009 1 325.00 Hindi Books    
    Dewey Decimal Classification     Janak Puri Janak Puri 25/02/2010 1313/14.07.09/76/11.07.09/29.07.09 325.00 10 954.0841 सुखदे B-350004 19/07/2016 1 325.00 Hindi Books Non-fiction  
    Dewey Decimal Classification     Karol Bagh Karol Bagh 25/02/2010 1313/14.07.09/76/11.07.09/29.07.09 325.00   954.0841 सुखदे B-350007 25/02/2010 1 325.00 Hindi Books Non-fiction  
    Dewey Decimal Classification     Patel Nagar Patel Nagar 25/02/2010 1313/14.07.09/76/11.07.09/29.07.09 325.00   954.0841 सुखदे B-350003 25/02/2010 1 325.00 Hindi Books Non-fiction  
    Dewey Decimal Classification     Sarojini Nagar Sarojini Nagar 25/02/2010 1313/14.07.09/76/11.07.09/29.07.09 325.00 2 954.0841 सुखदे B-350005 31/10/2019 1 325.00 Hindi Books Non-fiction  
    Dewey Decimal Classification     Shahdara Branch Shahdara Branch 25/02/2010 1313/14.07.09/76/11.07.09/29.07.09 325.00 1 954.0841 सुखदे B-350008 23/04/2019 1 325.00 Hindi Books Non-fiction  
    Dewey Decimal Classification     Vinoba Puri Vinoba Puri 25/02/2010 1313/14.07.09/76/11.07.09/29.07.09 325.00 3 954.0841 सुखदे B-350006 20/04/2023 1 325.00 Hindi Books Non-fiction  

© Delhi Public Library
Hit Counter
free hit counter